000 01392nam1a2200313 4500
001 RU\NLR\BIBL_A\022831138
005 20260614224722.0
035 _a(NLR Aleph) 022831138
090 _a13730872
_c13730872
100 _a20260609d1949 d y0rusy50 ca
101 0 _atyv
_crus
102 _aRU
105 _aac z 000 y
181 0 _ai
_baxxe
182 0 _an
200 1 _aФизика
_eчеди чылдың болгаш ортумак школаның 7-ги клазынга өөредилге ному
_fА. В. Перышкин, Г. И. Фалеев, В. В. Крауклис
_gОчулдурган И. М. Лагбужап
203 _aТекст
_bвизуальный
_cнепосредственный
210 _aКызыл
_cТыва областың ном үндүрер чери
_d1949
215 _d20
541 1 _aФизика
_eУчебник для 7 кл. семилетней и сред. шк.
686 1 _aВ3 я72
700 1 _aПерышкин
_bА. В.
_f1902-1983
_gАлександр Васильевич
_3RU\NLR\AUTH\773653
_4070
701 0 _aКрауклис
_bВ. В.
_gВильгельм Вильгельмович
_4070
701 1 _aФалеев
_bГ. И.
_gГригорий Иванович
_4070
702 1 _aЛагбужап
_bИ. М.
_4730
852 _aNLR
_bОНЛ
_jТув./3-31
942 _cBOOK
980 _aNB